000 00728nam a2200253Ia 4500
003 OSt
005 20221007075446.0
006 a|||||r|||| 00| 0
007 ta
008 221006b |||||||| |||| 00| 0 eng d
020 _a97893503508637
024 _a45,677
037 _cTextual
040 _aFLL
_cFLL
_beng
041 _2eng
_aeng
082 _aZ2,98:1, Q7
100 _aRYDER Rodney D
_9259715
245 0 _aDrafting corporate and commercial agreements
_b legal drafting guidelines form and precedents
250 _a2nd
260 _aNew Delhi
_bLexis Nexis India
_c2017
300 _alxxiii, 1694p.
_ccm.
942 _hZ2,98:1, Q7
_cTEXL
_2CC
999 _c1156170
_d1156170